Catalog

Record Details

Catalog Search



Available copies

  • 2 of 2 copies available at LARL/NWRL Consortium.
  • 2 of 2 copies available at Northwest Regional Library. (Show preferred library)

Current holds

0 current holds with 2 total copies.

Show Only Available Copies
Location Call Number / Copy Notes Barcode Shelving Location Status Due Date
Hallock Public Library CRA (Text) 35500004155063 Main Available -
Thief River Falls Public Library CRA (Text) 35500002862207 Main Available -

Record details

  • ISBN: 0385495846
  • Physical Description: 386 p. ; 25 cm.
  • Publisher: New York : Doubleday, 2000.
Subject: Policewomen > Fiction.
Bombings > Fiction.
Los Angeles (Calif.) > Fiction.
Genre: Mystery fiction.
LDR 01119cam a22003258a 4500
00129328
003LARL_NWRL_CONSORTIUM
00520000324142330.0
008000306s2000 nyu 000 1 eng
010 . ‡a00029054
020 . ‡a0385495846
035 . ‡a(OCoLC)43657067
040 . ‡aDLC ‡cDLC
043 . ‡an-us-ca
08200. ‡a813/.54 ‡221
092 . ‡aFICTION
092 . ‡aCra
1001 . ‡aCrais, Robert. ‡0(LARL_NWRL_CONSORTIUM)95843
24510. ‡aDemolition angel : ‡ba novel / ‡cby Robert Crais.
260 . ‡aNew York : ‡bDoubleday, ‡c2000.
300 . ‡a386 p. ; ‡c25 cm.
650 0. ‡aPolicewomen ‡vFiction. ‡0(LARL_NWRL_CONSORTIUM)166589
650 0. ‡aBombings ‡vFiction. ‡0(LARL_NWRL_CONSORTIUM)163735
651 0. ‡aLos Angeles (Calif.) ‡vFiction. ‡0(LARL_NWRL_CONSORTIUM)165880
655 7. ‡aMystery fiction. ‡2gsafd
901 . ‡a29328 ‡bOCLC ‡c29328 ‡tbiblio

Additional Resources